000 00313nam a2200121Ia 4500
008 191201s2019 xx 000 0 und d
100 _aSHARMA, S C
245 0 _aMaterials Management and Materials Handling
260 _aN.Delhi
_bKhanna Publisher
_c379
300 _a1997
650 _aB.Tech(ME)
942 _2ddc
_cBK
999 _c2458
_d2458